000 00804nas a2200265 4500
001 BR8801138
003 BR-BrBNA
005 20231205091045.0
007 ta
008 230509b bl.|||p| |||| 00| 00por d
040 _aBR-BrBNA
_bpor
_cBiblioteca Nacional de Agricultura
041 _a(En)
072 _aQ04
100 1 _aVitali, A. de A.
100 1 _aRao, M.A.
100 1 _aBrunello, G.
245 1 _aEffect of temperature and pulp content on flow properties of low-pulp concentrated orange juice
650 _aTEMPERATURA
650 _aSUCO
650 _aLARANJA
650 _aVALOR NUTRITIVO
773 0 _tCiencia e Tecnologia de Alimentos (Brazil)
_xISSN 0101-2061
_g(Jul-Dec 1986), v. 6(2) p. 163-173
_wBR8801138
909 _a202311
_bLúcia
_c55
_dLúcia Elande
942 _2AGRIS
_n0
_cANA
999 _c122471
_d122471